000 00585nam a2200181 a 4500
001 000034995
005 20200930074033.0
008 111024s1973 mx 000 0 spa d
040 _aDO-SdBNP
_bspa
_cBNPHU
082 _axxxx
_bxxxx
100 1 _aRedfield, Robert
_95051
245 1 3 _aEl mundo primitivo y sus transformaciones /
_cRobert Redfield.
260 _aMéxico, :
_bFondo de cultura económica,
_c1973.
300 _a198 p. ;
_c17 cm.
490 1 _aPopular
_v48
590 _aPerteneció a la biblioteca personal de Juan Isidro Jimenes Grullón
830 0 _aPopular
_n48
_960604
999 _c34486
_d34486